000
00190nam a2200085Ia 4500
008
170620s9999 xx 000 0 und d
100
_a
N.C.E.R.T
245
0
_a
Padna ke Samag
260
_b
New Delhi- NCERT
260
_c
2009
999
_c
25254
_d
25254